000 00257nam a22001217a 4500
008 171030b xxu||||| |||| 00| 0 eng d
041 _aalb
080 _a336
100 _a56
101 _aFIN
245 _aDREJTIM FINANCIAR 2
_cCICERI,B
942 _2udc
_cBK
999 _c36354
_d36354